000 00975nam a22003137a 4500
003 CHAP
005 20220329132908.0
008 971010s1973 r 00010 d
010 _a31
011 _a1003
035 _a131
040 _cCHAP
090 _aFolleto 4571
100 0 0 _aMartínez Sánchez, Jorge.
_972533
245 1 0 _aConjunto y funciones
_c/por Jorge Martínez Sánchez
260 _aMéxico, D. F. :
_bANUIES,
_c1973
300 _a55 p.
490 _aTemas básicos de matemáticas
590 _aBATCH-UPD
_b10
_c20130110
_lUCH01
_h2124
590 _aBATCH-UPD
_b10
_c20130410
_lUCH01
_h1434
590 _aBATCH-UPD
_b10
_c20130914
_lUCH01
_h1906
590 _aCONVERSION
_b10
_c20130109
_lUCH01
_h1302
650 1 4 _aGrupos
_xTeoría de los.
_950914
830 0 _aTemas básicos de matemáticas
_9112126
901 _aBK
942 _cFOLL
949 _aFolleto 4571
_bBC
_cFOLL
_d-146665
_eTS1
_i131
_si
949 _aFolleto 4571
_bBC
_cFOLL
_d-146666
_eTS2
_fc.2
_i131
_si
999 _c31
_d31